LEADER 00866nam0-2200313---450- 001 990009758700403321 005 20130909104557.0 010 $a978-88-568-4580-8 035 $a000975870 035 $aFED01000975870 035 $a(Aleph)000975870FED01 035 $a000975870 100 $a20130909d2012----km-y0itay50------ba 101 0 $aita 102 $aIT 105 $ay-------001yy 200 1 $aMinori in giudizio$ela convenzione di Strasburgo$fa cura di Giulia Contri 210 $aMilano$cFrancoAngeli$d©2012 215 $a200 p.$d23 cm 300 $aSuppl. a: Minorigiustizia n.4/2011 676 $a323.352$v21$zita 702 1$aContri,$bGiulia 801 0$aIT$bUNINA$gRICA$2UNIMARC 901 $aBK 912 $a990009758700403321 952 $aVIII C 371$b54890*$fFGBC 959 $aFGBC 996 $aMinori in giudizio$9821014 997 $aUNINA LEADER 02380cam0-22005411i-450- 001 990006263920403321 005 20160711130319.0 012 $aM.ZE t,e- m-te quIt (3) 1773 (R)$2fei$5IT-NA0029: V Ob 91 (1) 012 $aa-l- m,um m.a- sica (3) 1774 (R)$2fei$5IT-NA0029: V Ob 91 (2) 012 $an-n- e.n. 7.1. uix) (3) 1777 (R)$2fei$5IT-NA0029: V Ob 91 (3) 012 $an-e- sise e.i- quma (3) 1780 (R)$2fei$5IT-NA0029: V Ob 91 (4) 012 $aM.ZE t,e- m-te quIt (3) 1773 (R)$2fei$5IT-NA0029: V Ob 92 (1) 012 $aM.NO atsi m.a- sica (3) 1774 (R)$2fei$5IT-NA0029: V Ob 92 (2) Var. B 012 $an-n- e.n. 7.1. uix) (3) 1777 (R)$2fei$5IT-NA0029: V Ob 92 (3) 035 $a000626392 035 $aFED01000626392 035 $a(Aleph)000626392FED01 035 $a000626392 100 $a20000112g17731780km-y0itay50------ba 101 0 $alat 140 $aa-------------------bb0----- 200 1 $aChristiani Thomasii ... Dissertationum academicarum varii inprimis iuridici argumenti. Tomus primus [ -quartus] 210 $aHalae Magdeburgicae$cimpensis vid. Gebaueri et filii$d1773-1780 215 $a4 v.$d4° 307 $a1.: [6], 1080, [2] p. ; 2.: [4], 1098, [2] p. ; 3.: [4], 956, [2] p. ; 4.: XVIII, 750 p. 307 $aSegn.: a? (-a4) A-6V? chi1 (v. 1) 307 $aSegn.: a² A-6Y? 6Z² (v. 2) 307 $aSegn.: )(² A-6D? 6E? (-6E4) (v. 3) 307 $aSegn.: a? (-a6) b? A-4Z? 5A?(-5A4) 5B? (v. 4) 316 $aDopo il front., inserito un occhietto con dedica: "Viro illustrissimo atque excellentissimo Domino Carolo Iosepho Maximiliano..."$5IT-NA0029: V Ob 92 (2) 317 $asui front.: timbro di possesso: Conte di Camaldoli$5I-NA0029: V Ob 91 (1-4) 517 1 $aDissertationum academicarum varii inprimis iuridici argumenti. Tomus primus 620 $aGermania.$dHalle 676 $a190$zita 700 1$aThomasius,$bChristian$f<1655-1728>$0495327 801 0$aIT$bUNINA$gRICA$2UNIMARC 901 $aAQ 912 $a990006263920403321 952 $aXI A 231$b10207$fFGBC 952 $aV Ob 91 (1)$b15296$fFGBC 952 $aV Ob 91 (2)$b15296$fFGBC 952 $aV Ob 91 (3)$b15296$fFGBC 952 $aV Ob 91 (4)$b15296$fFGBC 952 $aV Ob 92 (1)$b10207$fFGBC 952 $aV Ob 92 (2)$b10207$fFGBC 952 $aV Ob 92 (3)$b10207$fFGBC 959 $aFGBC 997 $aUNINA LEADER 01465nam--2200457---450- 001 990000787980203316 005 20100113151402.0 010 $a88-13-20133-8 035 $a0078798 035 $aUSA010078798 035 $a(ALEPH)000078798USA01 035 $a0078798 100 $a20011205d1997----km-y0itay50------ba 101 0 $aita 102 $aIT 105 $a||||||||001yy 200 1 $a<> disciplina di armi, munizioni ed esplosivi$fLeonardo Mazza, Carlo Mosca, Luca Pistorelli 210 $aPadova$cCEDAM$d1997 215 $aX, 362 p.$d24 cm 225 2 $a<> leggi penali speciali$v5 410 0$12001$a<> leggi penali speciali$v5 606 0 $aArmi$xLegislazione 676 $a344.450533 700 1$aMAZZA,$bLeonardo$0548826 701 1$aMOSCA,$bCarlo$039046 701 1$aPISTORELLI,$bLuca$0240365 801 0$aIT$bsalbc$gISBD 912 $a990000787980203316 951 $aXXVI.1. Coll. 21/ 7 (COLL. PIS 5)$b14723 G.$cXXVI.1. Coll. 21/ 7 (COLL. PIS)$d00270118 951 $aSANT.5 2 8$b15 DDPG$cSANT.5 959 $aBK 969 $aGIU 969 $aDDPG 979 $aPATTY$b90$c20011205$lUSA01$h1123 979 $c20020403$lUSA01$h1725 979 $aPATRY$b90$c20040406$lUSA01$h1654 979 $aDDPG1$b90$c20061211$lUSA01$h1549 979 $aDDPG1$b90$c20070215$lUSA01$h0954 979 $aRSIAV4$b90$c20100113$lUSA01$h1514 996 $aDisciplina di armi, munizioni ed esplosivi$9965566 997 $aUNISA